• 首页
  • 本馆介绍
  • 公告通知
  • 最新文献
  • 馆藏检索
  • 电子资源
  • 读者导购
  • 参考咨询
  • 我的图书馆
  • 登录
  • 详细信息显示
  • 放入我的书架
  • 预约/预借图书
  • 作者相关作品
  • 分类相关作品
  • 丛书相关作品
  • 出版社相关作品

书目信息

  • 表格格式
  • 工作单格式
  • 卡片格式
题名:
控制权配置特征对混合所有制改革国有企业投资效率的影响研究
    
 
作者: 翟君 著
分册:  
出版信息: 大连   东北财经大学出版社  2020.9
页数: 169页
开本: 24cm
丛书名: 墨香财经学术文库
单 册:
中图分类: F279.21
科图分类:
主题词: 股权结构--gu quan jie gou--影响--国企改革--投资效率--研究--中国
电子资源:
ISBN: 978-7-5654-3899-8
000 01561oam2 2200277 450
001 2161470251
005 20210930094250.0
010    @a978-7-5654-3899-8@dCNY48.00
100    @a20201110d2020 em y0chiy0120 ea
101 0  @achi
102    @aCN@b210000
105    @ay v 001yy
106    @ar
200 1  @a控制权配置特征对混合所有制改革国有企业投资效率的影响研究@Akong zhi quan pei zhi te zheng dui hun he suo you zhi gai ge guo you qi ye tou zi xiao lv de ying xiang yan jiu@dResearch on the influence of control rights allocation characteristics to state-owned enterprises investment efficiency in mixed ownership reform@f翟君著@zeng
210    @a大连@c东北财经大学出版社@d2020.9
215    @a169页@d24cm
225 2  @a墨香财经学术文库@Amo xiang cai jing xue shu wen ku
300    @a“十二五”辽宁省重点图书出版规划项目 山西省“1331工程”重点创新团队建设计划资助 山西省高等学校哲学社会科学项目资助 山西财经大学青年科研基金项目资助
330    @a本书从混合所有制改革国有企业投资效率的视角,研究混合所有制改革中的控制权改革及其内在特征对国有企业投资效率的影响,为正确评价国有企业混合所有制改革成效,探寻有效的国有企业控制权配置提供经验证据。
461  0 @12001 @a墨香财经学术文库
510 1  @aResearch on the influence of control rights allocation characteristics to state-owned enterprises investment efficiency in mixed ownership reform@zeng
606 0  @a股权结构@Agu quan jie gou@x影响@x国企改革@x投资效率@x研究@y中国
690    @aF279.21@v5
701  0 @a翟君@Adi jun@4著
801  0 @aCN@b百万庄@c20210929
905    @b1302994-97@dF279.21@e1773@f4
    
    控制权配置特征对混合所有制改革国有企业投资效率的影响研究=Research on the influence of control rights allocation characteristics to state-owned enterprises investment efficiency in mixed ownership reform/翟君著.-大连:东北财经大学出版社,2020.9
    169页;24cm.-(墨香财经学术文库)
    “十二五”辽宁省重点图书出版规划项目 山西省“1331工程”重点创新团队建设计划资助 山西省高等学校哲学社会科学项目资助 山西财经大学青年科研基金项目资助
    
    ISBN 978-7-5654-3899-8:CNY48.00
    本书从混合所有制改革国有企业投资效率的视角,研究混合所有制改革中的控制权改革及其内在特征对国有企业投资效率的影响,为正确评价国有企业混合所有制改革成效,探寻有效的国有企业控制权配置提供经验证据。
●
相关链接 在E读中查询图书 在五车中查询图书 在当当中查询图书 在豆瓣中查询图书


正题名:控制权配置特征对混合所有制改革国有企业投资效率的影响研究     索取号:F279.21/1773         预约/预借

序号 登录号 条形码 馆藏地/架位号 状态 备注
1 1302994   213029943   第一样本阅览室/ [索取号:F279.21/1773] 在馆    
2 1302995   213029952   第一借阅区/ [索取号:F279.21/1773] 在馆    
3 1302996   213029961   第一借阅区/ [索取号:F279.21/1773] 在馆    
4 1302997   213029970   第一借阅区/ [索取号:F279.21/1773] 在馆    
唐山师范学院图书馆 欢迎您!
大连网信软件有限公司© 版权所有